| 000 | 00506cam a22001451a 4500 | ||
|---|---|---|---|
| 082 |
_a942.06 _bHUR _cL-30, P-47 |
||
| 100 | 1 |
_aHurren, B. J. _949084 |
|
| 245 | 1 | 0 |
_aPerchance : _ba short history of British naval aviation / _cby B.J. Hurren. |
| 260 |
_aLondon : _bNicholson & Watson, _c1949. |
||
| 300 |
_a197 p., [8] leaves of plates : _bill. ; _c19 cm. |
||
| 500 | _aIncludes index. | ||
| 526 |
_a0 _b0 _c0 _d942_060000000000000_HUR |
||
| 650 | 0 |
_aAeronautics, Military _zGreat Britain. _949085 |
|
| 942 |
_2ddc _cBK |
||
| 999 |
_c551917 _d551917 |
||